| 000 | 00910cam a2200301 4500 | ||
|---|---|---|---|
| 008 | 000000n2000 000 0 eng u | ||
| 020 | _a1859415725 | ||
| 035 | _a(Sirsi) u105628 | ||
| 050 | _a711.026 | ||
| 100 | _aCameron Blackhall, J. | ||
| 245 | _aPlanning law and practice | ||
| 250 | _a2nd | ||
| 260 |
_aLondon _bCavendish Publishing _c2000 |
||
| 300 | _alxxx, 463p. ; 24cm. | ||
| 350 | _a25.95 | ||
| 520 | _aSuperceded by third edition (ISBN: 1859417485). | ||
| 650 | _aDEVELOPMENT PLANS | ||
| 650 | _aPLANNING APPLICATIONS | ||
| 650 | _aPLANNING LAW | ||
| 650 | _aPLANNING PERMISSION | ||
| 650 | _aENTERPRISE ZONES | ||
| 650 | _aURBAN DEVELOPMENT | ||
| 650 | _aCARAVAN SITES | ||
| 650 | _aTOWN AND COUNTRY PLANNING (USE CLASSES) ORDERS | ||
| 650 | _aCOMPULSORY PURCHASE AND COMPENSATION | ||
| 690 | _aENVIRONMENTAL AND LAND CONSULTANCY-PLANNING AND DEVELOPMENT | ||
| 942 | _n0 | ||
| 999 |
_c100457 _d100457 |
||